| 000 | 01819nam0a2200313 i 4500 | ||
|---|---|---|---|
| 001 | RU\NLR\bibl\1909523 | ||
| 005 | 20240921112219.0 | ||
| 010 |
_a9785888387269 _9100 |
||
| 021 |
_aRU _b2012-32728 _92430 |
||
| 035 | _a(NLR Aleph) 001899076 | ||
| 090 |
_a3023815 _c3023815 |
||
| 100 | _a20120531d2012 u y0rusy50 ca | ||
| 101 | 0 | _arus | |
| 102 | _aRU | ||
| 105 | _aa ||||||||| | ||
| 200 | 1 |
_aСтатистическая обработка данных биологических исследований в электронных таблицах Microsoft Excel _e(практикум) _eучебное пособие для студентов высших учебных заведений, обучающихся по направлениям 020800 "Экология и природопользование", 020200 "Биология", 110400 "Зоотехния" _fВ.Д. Павлидис, А.С. Колбинцева _gМ-во сел. хоз-ва Рос. Федерации, ФГБОУ ВПО Оренбург. гос. аграр. ун-т |
|
| 210 |
_aОренбург _cиздательский центр ОГАУ _d2012 |
||
| 215 |
_a105 с. _cил. _d20 |
||
| 320 | _aБиблиогр.: с. 105 | ||
| 606 | 1 |
_aБиологические исследования _jУчебные издания для высших учебных заведений _xОбработка результатов компьютерная _91149248 _3RU\NLR\auth\66140203 |
|
| 686 | _aЕ.в641.8 | ||
| 700 | 1 |
_aПавлидис _bВ. Д. _gВиктория Дмитриевна _4070 |
|
| 701 | 1 |
_aКолбинцева _bА. С. _gАнна Станиславовна _4070 |
|
| 801 | 0 |
_aRU _bNLR _c20120531 _gRCR |
|
| 801 | 1 |
_aRU _bNLR _c20120531 |
|
| 830 | _aАвт. по кн. | ||
| 942 | _cBOOK | ||
| 980 | _aNBR | ||